000 00614nam a2200193Ia 4500
008 230921s9999||||xx |||||||||||||| ||und||
020 _a978-3-319-03850-6
022 _a1611-3349
041 _aEN
100 _aRoberto Baldoni, Nicolas Nisse, Maarten van Steen
245 0 _aPrinciples of Distributed Systems
250 _a2013
260 _c2013
_bSpringer International Publishing
300 _b8304
440 _aLecture Notes in Computer Science
856 _uhttps://doi.org/10.1007/978-3-319-03850-6
856 _uhttps://link.springer.com/openurl?genre=book&isbn=978-3-319-03850-6
942 _cEB
999 _c279894
_d279894